000 00685nam a22002417a 4500
003 UA-OsUOA
001 84166
007 ta
008 20120521b un ||||| |||| 00| 0 ukr d
100 _aСлабошпицький М.
090 _a929
_bС47
942 _cBK
040 _aUA-OsUOA
_bukr
_cUA-OsUOA
_dUA-OsUOA
245 _aУкраїнець, який відмовився бути бідним
_bПетро Яцик
300 _a251 с.
955 _a2
041 _aukr
080 _a929
020 _a978-966-2151-95-4
260 _aК.
_bЯрославів Вал
_c2011
650 7 _a9 Географія. Біографії. Історія
_2UDC
999 _c370518
_d370518